000 00681cab a2200241 4500
001 WB3230-39
008 090401t1996 xxu||||| |||| 00| 0 eng d
035 _a(Sirsi) u64606
041 _aeng
245 _aSold short on a lease
260 _c1996
350 _a0
490 _aTimes
_v27 July 1996, 34(1)
520 _aAdvice for homeowners with short leases who find their homes unsaleable and depreciating in value.
650 _aHOUSING ACT 1996
650 _aLEASEHOLD EXTENSIONS
650 _aPROPERTY-LEASEHOLD PROPERTY
650 _aMORTGAGEABILITY
650 _aSHORT LEASES
690 _aPROPERTY-LANDLORD AND TENANT
942 _n0
948 _c04/03/1997
999 _c40247
_d40247